Stavebno-technologický projekt: BORY BÝVANIE 4A komplet
Salvato in:
| Autore principale: | |
|---|---|
| Altri autori: | |
| Natura: | Manoscritto Libro |
| Lingua: | slovacco |
| Pubblicazione: |
2022
|
| Soggetti: | |
| Accesso online: | http://is.stuba.sk/zp/portal_zp.pl?podrobnosti=164311 https://opac.crzp.sk/?fn=detailBiblioForm&sid=D9F0BB0A8DA9926980A796D31B33 |
| Tags: |
Nessun Tag, puoi essere il primo ad aggiungerne!!
|
MARC
| LEADER | 00000ntm a22000003a 4500 | ||
|---|---|---|---|
| 001 | stuzp88516 | ||
| 003 | SK-STU | ||
| 005 | 20230505124956.2 | ||
| 007 | ta | ||
| 008 | 150427s2015----xo-----f-mn---000-0-slo-d | ||
| 040 | |a STU |b slo | ||
| 041 | 0 | |a slo | |
| 100 | 1 | |a Korba, Oliver |u 010270 |4 aut |U SvF Stavebná fakulta |T SvF Katedra technológie stavieb |X 87384 |U V270 |Y 28 |7 87384 | |
| 242 | 0 | 1 | |a Construction - Technological Project - BORY BÝVANIE 4A komplet |y eng |
| 245 | 1 | 0 | |a Stavebno-technologický projekt: BORY BÝVANIE 4A komplet |
| 260 | |c 2022 | ||
| 650 | 4 | |a zariadenie staveniska |2 slo | |
| 650 | 4 | |a variantný návrh montážnych prostriedkov |2 slo | |
| 650 | 4 | |a časový plán |2 slo | |
| 650 | 4 | |a dilatácia |2 slo | |
| 650 | 4 | |a BORY BÝVANIE 4A |2 slo | |
| 650 | 4 | |a different possible locations for crane placement |2 eng | |
| 650 | 4 | |a construction time plan |2 eng | |
| 650 | 4 | |a site management |2 eng | |
| 650 | 4 | |a BORY HOME 4A |2 eng | |
| 650 | 4 | |a expansion joint |2 eng | |
| 700 | 1 | |a Makýš, Peter |u 010270 |k Z1 |4 ths |U SvF Stavebná fakulta |T SvF Katedra technológie stavieb |X 2751 |U V270 |Y 28 |7 A000002751 | |
| 856 | 4 | |u http://is.stuba.sk/zp/portal_zp.pl?podrobnosti=164311 | |
| 856 | 4 | |u https://opac.crzp.sk/?fn=detailBiblioForm&sid=D9F0BB0A8DA9926980A796D31B33 | |